000 01348cam a2200145 4500500
005 20260329023149.0
041 _afre
042 _adc
100 1 0 _aJean, Yves
_eauthor
700 1 0 _aPérigord, Michel
_eauthor
245 0 0 _aGéographie rurale : La ruralité en France
260 _bArmand Colin,
_c2017.
520 _aLes notions de ruralité et d’espace rural sont fondamentales pour la géographie française. Cet ouvrage s’interroge sur leur devenir depuis un demi-siècle et appréhende les mutations contemporaines qu’ont connues les campagnes selon une approche géohistorique : complexification des relations villes-campagnes, extension du phénomène résidentiel et accroissement des mobilités, territorialisation des politiques publiques. Autant de questions qui sont au centre des enjeux d’aménagement des espaces ruraux. Cette nouvelle édition présente l’ensemble de ces mutations : le développement des produits de qualité, l’agriculture biologique ou les circuits courts. Elle revient également sur des problématiques telles que la désertification médicale, l’accès aux services publics, les nouvelles lois d’aménagement du territoire ou les évolutions des politiques européennes.
856 4 1 _uhttps://shs.cairn.info/geographie-rurale--9782200617844?lang=fr&redirect-ssocas=7080
999 _c1925174
_d1925174